| 000 | 01102nac a22002771u 4500 | ||
|---|---|---|---|
| 010 | _a 2004009872 | ||
| 020 | _a0393060020 | ||
| 082 | 0 | 0 |
_a327.160973 _bS342 |
| 090 |
_c5047 _d5047 |
||
| 100 | _aSchlesinger, Arthur M. | ||
| 245 | 1 | 0 |
_aWar and the American presidency / _cArthur M. Schlesinger, Jr. |
| 250 | _a1st ed. | ||
| 260 |
_aNew York : _bW.W. Norton, _cc2004. |
||
| 300 |
_axvi, 160 p. ; _c24 cm. |
||
| 500 | _aIncludes index. | ||
| 650 | 0 | _aUnilateral acts (International law) | |
| 650 | 0 |
_aIraq War, 2003- _xInfluence. |
|
| 650 | 0 |
_aWar and emergency powers _zUnited States _xHistory. |
|
| 650 | 0 |
_aPresidents _zUnited States _xHistory. |
|
| 650 | 0 |
_aDemocracy _zUnited States _xHistory. |
|
| 651 | 0 |
_aUnited States _xForeign relations _xPhilosophy. |
|
| 651 | 0 |
_aUnited States _xForeign relations _y2001- |
|
| 856 | 4 | 1 |
_3Table of contents _uhttp://www.loc.gov/catdir/toc/ecip0418/2004009872.html |
| 942 |
_cNB _k327.160973S342 |
||
| 999 |
_c5047 _d5047 |
||